| 000 | 01194nam a22002897a 4500 | ||
|---|---|---|---|
| 003 | OSt | ||
| 005 | 20250124122616.0 | ||
| 008 | 250124b |||||||| |||| 00| 0 spa d | ||
| 020 | _a9789585794887 | ||
| 037 | _bDonación | ||
| 040 |
_aCO-JMCR _bspa _cCO-JMCR _dCO-JMCR _erda |
||
| 041 | 0 | _aspa | |
| 082 | 0 | 4 |
_223 _a351.723 _bM32m1 |
| 110 | 1 |
_aBogotá _bContaduría General de la Nación _943993 |
|
| 245 | 1 | 0 |
_aMarco normativo para entidades de gobierno / _cequipo de investigación y apoyo técnico, Martha Liliana Arias Bello [y otros siete] |
| 260 |
_aBogotá : _bContaduría General de la Nación, _bMinisterio de Hacienda, _c2016. |
||
| 300 |
_a355 páginas ; _c24 cm. |
||
| 700 | 1 |
_aArias Bello, Martha Liliana _eeditora _943994 |
|
| 700 | 1 |
_aCastaño Pineda, Freddy Armando _eeditor _943995 |
|
| 700 | 1 |
_aClaros González, Yenny _eeditora _943996 |
|
| 700 | 1 |
_aEspinosa Flórez, Germán Eduardo _eeditor _943997 |
|
| 700 | 1 |
_aGonzález Cómbita, Silvia Maritza _eeditora _943998 |
|
| 700 | 1 |
_aPeña González, Héctor Hernando _eeditor _943999 |
|
| 700 | 1 |
_aRodríguez Ramírez, Carlos Andrés _eeditor _944000 |
|
| 700 | 1 |
_aValencia Cubillos, Luis Jaime _eeditor _944001 |
|
| 942 |
_2ddc _cBK |
||
| 999 |
_c30917 _d17301 |
||